[Event "Østlandsserien 2015/2016, 3. div. B"]
[Site "Oslo NOR"]
[Date "2015.11.01"]
[Round "1"]
[White "Flores, Richard"]
[Black "Høva, Frode"]
[Result "1-0"]
[WhiteElo "1503"]
[BlackElo "1507"]
[PlyCount "69"]
[EventDate "2015.11.01"]
[Board "4"]
[WhiteTeam "Nittedal 1"]
[BlackTeam "Follo 1"]

1. e4 d6 2. Bc4 Nf6 3. Nc3 c5 4. f4 Nc6 5. Nf3 e6 6. a3 a6 7. Ba2 Be7 8. d3 b5
9. Ne2 Bb7 10. O-O O-O 11. Ng3 Rc8 12. Ng5 c4 13. d4 d5 14. e5 Ne4 15. N5xe4
dxe4 16. c3 f6 17. exf6 Rxf6 18. Nxe4 Rg6 19. Bb1 Qd5 20. Ng5 Bxg5 21. Bxg6 Ne5
22. Bxh7+ Kxh7 23. Qc2+ Nd3 24. fxg5 Qe4 25. Qd2 Bd5 26. Rf3 Kg6 27. Qe3 Qg4
28. h3 Qh4 29. Rf1 Rh8 30. b4 Rh5 31. Bd2 Kh7 32. a4 Bxg2 33. Kxg2 Nf4+ 34.
Rxf4 Rxg5+ 35. Rg4 1-0

[Event "Østlandsserien 2015/2016, 3. div. A"]
[Site "Oslo NOR"]
[Date "2015.11.01"]
[Round "1"]
[White "Kielland-Lund, Jon"]
[Black "Brynemo, Preben"]
[Result "1-0"]
[WhiteElo "1551"]
[BlackElo "1114"]
[Annotator "Kielland-Lund,Jon"]
[PlyCount "69"]
[EventDate "2015.11.01"]
[Board "3"]
[WhiteTeam "Follo 2"]
[BlackTeam "Stjernen 2"]

1. c4 e5 2. Nc3 Nf6 3. Nf3 Nc6 4. g3 Bb4 5. Bg2 O-O 6. O-O d6 7. d3 h6 8. a3
Ba5 9. b4 Bb6 10. Nd5 Nxd5 11. cxd5 Ne7 12. Nd2 Bg4 13. Nc4 Qd7 14. Bb2 Bh3 15.
e4 Bxg2 16. Kxg2 f5 17. Nxb6 cxb6 18. Rc1 f4 19. f3 fxg3 20. hxg3 Ng6 21. d4
Qe7 22. dxe5 Nxe5 23. Bxe5 Qxe5 24. Rf2 Rf7 25. Qd2 Raf8 26. Qe3 Qf6 27. b5 h5
28. Rh1 Qg6 29. Rh4 Qh7 30. Qg5 g6 31. g4 Qg7 32. gxh5 Qc3 33. Rh3 {f.eks. Df6
var nødvendig, men hvit har allikevel stor fordel.} Qxa3 {??} 34. hxg6 Rg7 35.
Qh6 {Rekonstruert fra hukommelsen.} 1-0

[Event "Østlandsserien 2015/2016, 3. div. A"]
[Site "Oslo NOR"]
[Date "2015.11.01"]
[Round "1"]
[White "Johannesen, Bendik"]
[Black "Lea, Per"]
[Result "0-1"]
[WhiteElo "1068"]
[BlackElo "1564"]
[PlyCount "88"]
[EventDate "2015.11.01"]
[Board "4"]
[WhiteTeam "Stjernen 2"]
[BlackTeam "Follo 2"]

1. e4 e5 2. Nf3 Nc6 3. d4 exd4 4. Bc4 Bc5 5. c3 dxc3 6. Bxf7+ Kxf7 7. Qd5+ Kf8
8. Qxc5+ d6 9. Qxc3 Bg4 10. h3 Bh5 11. O-O Qf6 12. Nh2 Qxc3 13. Nxc3 Nf6 14.
Be3 Bg6 15. f3 Ke7 16. Bg5 Rhf8 17. Rae1 Kd7 18. Nd5 Rae8 19. Rf2 Nxd5 20. Rfe2
Nf4 21. Bxf4 Rxf4 22. g3 Rf7 23. f4 Rfe7 24. Nf3 Rxe4 25. Rxe4 Rxe4 26. Rxe4
Bxe4 27. Nd2 d5 28. Kf2 Nd4 29. Nxe4 dxe4 30. Ke3 Nf5+ 31. Kxe4 Nxg3+ 32. Ke5
Ke7 33. a3 g6 34. b4 Ne2 35. f5 gxf5 36. Kxf5 Nd4+ 37. Kg5 Kf7 38. a4 a6 39.
Kf4 b5 40. Ke4 Nc2 41. axb5 axb5 42. Kd5 Nxb4+ 43. Kc5 c6 44. Kxb4 Kg6 0-1

[Event "Østlandsserien 2015/2016, 4. div. A"]
[Site "Oslo NOR"]
[Date "2015.11.01"]
[Round "1"]
[White "Moberg, Jan Rune"]
[Black "Pedersen, Ole Petter"]
[Result "1-0"]
[WhiteElo "1512"]
[BlackElo "1394"]
[PlyCount "123"]
[EventDate "2015.11.01"]
[Board "1"]
[WhiteTeam "Follo 3"]
[BlackTeam "Kampen 2"]

1. d4 e6 2. Nf3 Nf6 3. g3 b6 4. Bg2 Bb7 5. O-O Be7 6. b3 O-O 7. Bb2 d6 8. c4
Nbd7 9. Nc3 c5 10. d5 exd5 11. cxd5 Re8 12. e4 Bf8 13. Re1 Ne5 14. Nxe5 dxe5
15. Rc1 a6 16. Na4 Bd6 17. f4 Rc8 18. Qd2 b5 19. fxe5 Bxe5 20. Nxc5 Bxb2 21.
Qxb2 Qb6 22. b4 Nd7 23. Qf2 Ne5 24. Rf1 Rc7 25. Rcd1 Bc8 26. d6 Ra7 27. Rd5 f6
28. Qd4 Bd7 29. Nxd7 Nxd7 30. Bh3 Qxd4+ 31. Rxd4 Re5 32. Rc1 Nf8 33. d7 Nxd7
34. Bxd7 Kf7 35. Bc6 Ree7 36. Rd6 a5 37. bxa5 Rxa5 38. h4 Ra3 39. Bd5+ Kg6 40.
Kg2 Kh5 41. Rf1 Re5 42. Rf4 Rc3 43. Bf7+ g6 44. Rdxf6 Rc2+ 45. Kh3 Kh6 46. Bb3
Rc3 47. Kg2 Rec5 48. g4 Rd3 49. g5+ Kh5 50. Rf7 Rd2+ 51. Kg3 Rc3+ 52. Rf3 Rxf3+
53. Rxf3 h6 54. gxh6 Kxh6 55. e5 Re2 56. e6 g5 57. hxg5+ Kxg5 58. Rf7 Kg6 59.
Kf4 Rh2 60. Ke5 Re2+ 61. Kd6 Rd2+ 62. Kc5 1-0

[Event "Østlandsserien 2015/2016, 4. div. A"]
[Site "Oslo NOR"]
[Date "2015.11.01"]
[Round "1"]
[White "Jørgensen, Asle"]
[Black "Fuglseth, Jan"]
[Result "1-0"]
[WhiteElo "1364"]
[BlackElo "1479"]
[Annotator "Jan Fuglseth"]
[PlyCount "95"]
[EventDate "2015.11.01"]
[Board "2"]
[WhiteTeam "Kampen 2"]
[BlackTeam "Follo 3"]

1. d4 Nf6 2. Nf3 d6 3. c4 Nbd7 4. Nc3 e5 5. e4 Be7 6. dxe5 dxe5 7. Bg5 c6 8.
Be2 O-O 9. Qc2 Qc7 10. O-O a5 11. a3 Nc5 12. Bxf6 Bxf6 13. b4 Ne6 14. Rfc1 axb4
15. axb4 Rxa1 16. Rxa1 Nd4 17. Qb2 {Sort har etablert en liten fordel og er
veldig fornøyd med springeren på d4 som ikke kan fjernes uten å skape en
fribonde. Han burde ha spilt Td8 men ser noen spøkelser i b- og c linjen} b6
18. b5 c5 19. Nd5 {Dermed fikk hvit en like fin springerplassering og en liten
fordel til ham} Qd6 20. h3 Bd8 {Forbereder f5 samt forsvar mot angrep på b6
som må komme etterhvert} 21. Nxd4 exd4 22. Bg4 f5 23. Bxf5 Bxf5 24. exf5 Rxf5
25. Qe2 Re5 26. Qg4 Qe6 27. Qxe6+ Rxe6 {Sort gjennomførte dronningbyttet med
en vurdering om at d bonden vil marsjere raskt mot forvandlingsfeltet.} 28. Ra8
Re8 $4 {Sort skulle ha lagt inn en mellomsjakk på e1 før Te8.} (28... Re1+ 29.
Kh2 Re8 $14 30. Ra1 d3 31. Kg3 d2 32. Rd1 Re4 33. Rxd2 Rxc4) 29. Nxb6 $4 (29.
Nc7 Kf7 30. Nxe8 Kxe8 31. Ra7 Kf8 32. Kf1 h6 33. Rb7 g5) 29... Kf7 $2 (29... d3
30. Nd5 d2 31. Ne3 d1=Q+ 32. Nxd1 Re1+ 33. Kh2 Rxd1) 30. Nd5 d3 31. Kf1 d2 32.
Ra1 Ba5 $2 {Te4 kunne kanskje berget en remis. Hvit står så mye bedre at
fortsettelsen blir uinspirert visvas fra sorts side} 33. Ne3 Bb4 34. Ke2 h5 35.
Ra7+ Kf6 36. Kd1 Kg6 37. Ra6+ Kg5 38. b6 Kf4 39. b7 Rb8 40. Nd5+ Ke4 41. Nxb4
Rxb7 {Et simpelt forsøk på en siste svindel, men han er våken nok} 42. Nc2 Kd3
43. Ra3+ Kxc4 44. Kxd2 Rf7 45. Rc3+ Kd5 46. Ke2 Rf4 47. Rg3 Rc4 48. Ne3+ {Og
sort ga labb!} 1-0

[Event "Østlandsserien 2015/2016, 4. div. A"]
[Site "Oslo NOR"]
[Date "2015.11.01"]
[Round "1"]
[White "Thowsen, Alf Geir"]
[Black "Berg-Olsen, Henrik Seljeset"]
[Result "1-0"]
[WhiteElo "1205"]
[BlackElo "1185"]
[PlyCount "85"]
[EventDate "2015.11.01"]
[Board "3"]
[WhiteTeam "Follo 3"]
[BlackTeam "Kampen 2"]

1. d4 Nf6 2. c4 e5 3. d5 Bc5 4. Nc3 O-O 5. e4 d6 6. h3 Bb4 7. Bd3 Nbd7 8. Nf3
Nc5 9. Qe2 Bxc3+ 10. bxc3 h6 11. Bc2 c6 12. O-O Qa5 13. Bd2 Nh5 14. Nxe5 Nf6
15. Ng4 Bxg4 16. hxg4 Rae8 17. f3 cxd5 18. cxd5 Nxd5 19. c4 Qa6 20. Rfe1 Nb6
21. Bb3 Nbd7 22. Rad1 Ne5 23. Bf4 Nxb3 24. axb3 Qb6+ 25. Qe3 Qxe3+ 26. Rxe3 Rd8
27. Rd5 f6 28. Re1 Rd7 29. Red1 Rfd8 30. Kf2 Kf7 31. Bd2 Nc6 32. b4 Ne5 33. Rd4
Rc8 34. Rc1 Ke6 35. Kg3 Rdc7 36. c5 dxc5 37. bxc5 Rxc5 38. Rxc5 Rxc5 39. Bb4
Rc6 40. f4 Nc4 41. f5+ Ke5 42. Bc3 Nd6 43. Rc4# 1-0

[Event "Østlandsserien 2015/2016, 4. div. B"]
[Site "Oslo NOR"]
[Date "2015.11.01"]
[Round "1"]
[White "Tenold, Andreas"]
[Black "Rønbeck, Bjørn"]
[Result "1-0"]
[WhiteElo "1242"]
[BlackElo "1148"]
[PlyCount "78"]
[EventDate "2015.11.01"]
[Board "2"]
[WhiteTeam "Nordstrand 7"]
[BlackTeam "Follo 4"]

1. e4 e5 2. Nf3 Nc6 3. d4 exd4 4. Bc4 h6 5. Nxd4 Ne5 6. Bb3 d6 7. Bf4 Qf6 8.
Qd2 Ne7 9. Nb5 Rb8 10. Nxc7+ Kd8 11. Nb5 N7g6 12. Bg3 a6 13. Nd4 Nh4 14. Bxh4
Qxh4 15. Nc3 Bg4 16. h3 Be7 17. Nd5 Ke8 18. Nxe7 Kxe7 19. Rg1 Bd7 20. O-O-O
Rhd8 21. f4 Nc6 22. Nf3 Qf6 23. Rge1 Be6 24. Bd5 Kf8 25. g4 a5 26. Rf1 Nb4 27.
a3 Nxd5 28. exd5 Bd7 29. g5 Qg6 30. gxh6 gxh6 31. Rg1 Qh7 32. Rg3 Rdc8 33. Nd4
Ke7 34. Re1+ Kd8 35. Qxa5+ Rc7 36. Qb6 Rbc8 37. c3 Ra8 38. Qxd6 Qh8 39. Nb5
Rac8 1-0

[Event "Østlandsserien 2015/2016, 4. div. B"]
[Site "Oslo NOR"]
[Date "2015.11.01"]
[Round "1"]
[White "Samset, Jon"]
[Black "Brentebråten, Tom"]
[Result "1-0"]
[WhiteElo "1113"]
[BlackElo "978"]
[PlyCount "51"]
[EventDate "2015.11.01"]
[Board "3"]
[WhiteTeam "Follo 4"]
[BlackTeam "Nordstrand 7"]

1. c4 Nf6 2. Nc3 d6 3. Nf3 e5 4. Qc2 Nc6 5. a3 Be7 6. g3 O-O 7. Bg2 d5 8. cxd5
Nxd5 9. O-O Nxc3 10. dxc3 Bg4 11. Be3 h6 12. Rad1 Qc8 13. Rd2 Rd8 14. Rfd1 Rxd2
15. Qxd2 Qe6 16. Qc1 e4 17. Nd4 Nxd4 18. Rxd4 f5 19. Qd2 Qf6 20. Rd7 Rd8 21.
Qd5+ Kh7 22. Bd4 Rxd7 23. Qxd7 Qd6 24. Qc8 b6 25. Bxe4 g6 26. Qh8# 1-0

[Event "Østlandsserien 2015/2016, 4. div. B"]
[Site "Oslo NOR"]
[Date "2015.11.01"]
[Round "1"]
[White "Sæteren, Erlend"]
[Black "Petersen, Rune J"]
[Result "1-0"]
[WhiteElo "1103"]
[BlackElo "857"]
[PlyCount "89"]
[EventDate "2015.11.01"]
[Board "4"]
[WhiteTeam "Nordstrand 7"]
[BlackTeam "Follo 4"]

1. e4 d6 2. d4 e6 3. Nf3 Nf6 4. Bd3 Nc6 5. O-O Be7 6. c4 e5 7. d5 Nb4 8. Qa4+
c6 9. Qxb4 c5 10. Qd2 Bg4 11. Qe3 O-O 12. Nc3 Nh5 13. Ne2 h6 14. h3 Bd7 15. Bc2
a6 16. Bd2 b5 17. b3 bxc4 18. bxc4 Rb8 19. Rab1 Qc7 20. Qa3 Qa7 21. Ba5 Rb7 22.
Rxb7 Qxb7 23. Rb1 Qa8 24. Qc1 f5 25. Rb2 fxe4 26. Bxe4 Qc8 27. Kh2 Bf5 28. Bxf5
Qxf5 29. Qb1 e4 30. Neg1 exf3 31. Qxf5 Rxf5 32. g4 Rg5 33. Nxf3 Bf6 34. Rb8+
Kf7 35. Nxg5+ Bxg5 36. gxh5 Bf4+ 37. Kg2 g5 38. hxg6+ Kxg6 39. Bc7 Kf6 40. Rb6
Ke7 41. Rxa6 Kd7 42. Ba5 Kc8 43. Ra8+ Kb7 44. Rf8 Be5 45. Bd2 1-0

[Event "Østlandsserien 2015/2016, 3. div. B"]
[Site "Oslo NOR"]
[Date "2015.12.06"]
[Round "2"]
[White "Hoel, Jørgen"]
[Black "Kristiansen, Erling"]
[Result "1/2-1/2"]
[WhiteElo "1891"]
[BlackElo "2117"]
[PlyCount "85"]
[EventDate "2015.11.01"]
[Board "1"]
[WhiteTeam "Follo 1"]
[BlackTeam "OSS Senior"]

1. c4 Nf6 2. g3 c5 3. Bg2 Nc6 4. Nc3 e6 5. e4 d6 6. Nge2 Be7 7. O-O O-O 8. a3
a6 9. Rb1 Rb8 10. d4 cxd4 11. Nxd4 Bd7 12. Be3 Rc8 13. Nxc6 Bxc6 14. Qe2 Qc7
15. Rfc1 Qb8 16. b4 b5 17. e5 dxe5 18. Bxc6 Rxc6 19. cxb5 axb5 20. Nxb5 Rfc8
21. Rxc6 Rxc6 22. Rc1 Qc8 23. Qb2 Nd5 24. Na7 Rxc1+ 25. Qxc1 Qxc1+ 26. Bxc1 Kf8
27. Nc6 Bd6 28. Kf1 Ke8 29. Na5 Kd7 30. Ke2 Bc7 31. Nc4 Kc6 32. Kd3 Kb5 33. Ne3
f5 34. f3 Bb6 35. Nf1 g6 36. Bb2 Bc7 37. Nd2 Bb8 38. Nb3 Bd6 39. Nd2 Bb8 40.
Kc2 Ka4 41. Kd3 Kb5 42. Nb1 Ka4 43. Nd2 1/2-1/2

[Event "Østlandsserien 2015/2016, 3. div. B"]
[Site "Oslo NOR"]
[Date "2015.12.06"]
[Round "2"]
[White "Wicklund-Hansen, Richard"]
[Black "Støle, Andreas"]
[Result "0-1"]
[WhiteElo "1618"]
[BlackElo "1555"]
[PlyCount "86"]
[EventDate "2015.11.01"]
[Board "2"]
[WhiteTeam "OSS Senior"]
[BlackTeam "Follo 1"]

1. e4 c5 2. Nc3 g6 3. g3 Bg7 4. d3 Nc6 5. Bg2 d6 6. f4 e6 7. Nf3 Nge7 8. O-O
O-O 9. Bd2 Rb8 10. Kh1 b5 11. a3 a5 12. Rb1 Qc7 13. Be3 Ba6 14. Re1 Nd4 15. Ne2
Nxe2 16. Qxe2 b4 17. Qd2 Rfc8 18. d4 c4 19. axb4 Rxb4 20. c3 Rb5 21. g4 Rcb8
22. Qf2 a4 23. Qc2 Bc8 24. Bf1 f5 25. gxf5 exf5 26. Nd2 R5b7 27. Bxc4+ Kh8 28.
Qxa4 Bd7 29. Qc2 fxe4 30. Kg1 d5 31. Bf1 Bh6 32. Nxe4 dxe4 33. Bg2 Nf5 34. Bxe4
Nxe3 35. Rxe3 Bxf4 36. Rf3 Rb6 37. Qf2 g5 38. d5 Rh6 39. Rd3 Rxh2 40. d6 Qc4
41. Qa7 Qxe4 42. Qd4+ Qxd4+ 43. Rxd4 Rbxb2 0-1

[Event "Østlandsserien 2015/2016, 3. div. A"]
[Site "Oslo NOR"]
[Date "2015.12.06"]
[Round "2"]
[White "Mundal, Arnold"]
[Black "Furnes, Torstein"]
[Result "1-0"]
[WhiteElo "1818"]
[BlackElo "1629"]
[Annotator "Furnes, Torstein"]
[PlyCount "97"]
[EventDate "2015.11.01"]
[Board "2"]
[WhiteTeam "Vålerenga 3"]
[BlackTeam "Follo 2"]

1. d4 d5 2. Nf3 Nf6 3. Bg5 e6 4. e3 Be7 5. Bd3 O-O 6. Nbd2 Nbd7 7. O-O c5 8. c3
Qc7 9. Rc1 e5 10. dxe5 Nxe5 11. Nxe5 Qxe5 12. Nf3 Qc7 13. Bf4 Bd6 14. Bxd6 Qxd6
15. h3 Bd7 16. Qe2 Rfe8 17. Rfd1 Qe7 18. Bb5 Bxb5 19. Qxb5 a6 20. Qb6 Rac8 21.
Rd2 Rc6 22. Qb3 b5 23. Rcd1 Qe4 24. Qc2 Qxc2 25. Rxc2 h6 26. Rcd2 g5 27. Kf1
Kg7 28. Nh2 h5 29. g4 h4 30. Nf3 Kg6 31. Ne1 a5 32. Ng2 Rd6 33. f3 Red8 $6 $14
{Så langt har det vært et rolig og jevnt parti der Fritz-vurderingen hele
tiden har holdt seg innenfor ca. +-0.30. Men nå begynner hvit-fordelen å øke.}
34. e4 R6d7 35. e5 Ne8 36. f4 gxf4 $2 $16 (36... b4) 37. Nxh4+ ({Litt sterkere
er} 37. Nxf4+ Kh6 (37... Kg5 38. e6) 38. Rxd5 Rxd5 39. Rxd5 Rxd5 40. Nxd5)
37... Kg5 38. Nf3+ Kh6 39. Nh4 Ng7 40. Kf2 Ne6 41. Nf5+ Kg5 42. Kf3 f6 43. h4+
Kg6 44. Re2 fxe5 $4 $18 {Tapstrekket.} (44... d4 45. cxd4 cxd4) 45. Rxe5 Kf6
46. Rde1 Re8 $2 (46... Ng7 47. Ne7) 47. g5+ Kg6 48. Kg4 Kf7 49. Nh6+ 1-0

[Event "Østlandsserien 2015/2016, 3. div. A"]
[Site "Oslo NOR"]
[Date "2015.12.06"]
[Round "2"]
[White "Kielland-Lund, Jon"]
[Black "Næss, Sara"]
[Result "1/2-1/2"]
[WhiteElo "1551"]
[BlackElo "1567"]
[Annotator "Kielland-Lund,Jon"]
[PlyCount "59"]
[EventDate "2015.11.01"]
[Board "3"]
[WhiteTeam "Follo 2"]
[BlackTeam "Vålerenga 3"]

1. c4 Nf6 2. Nc3 g6 3. e4 d6 4. d4 Bg7 5. Nf3 O-O 6. Be2 e5 7. dxe5 dxe5 8.
Qxd8 Rxd8 9. Bg5 Re8 10. Nd5 Nxd5 11. cxd5 c6 12. Bc4 cxd5 13. Bxd5 Nd7 14. Nd2
Nb6 15. Bb3 Be6 16. Rc1 Rac8 17. Ke2 {Min motstander brukte mye tid, men dette
er dønn teori.} Bxb3 18. axb3 {En forbedring. I et tideligere parti tok jeg
med springeren og måtte slite for remisen.} Rxc1 19. Rxc1 Rc8 20. Rc3 Bf8 21.
Nc4 Nxc4 22. Rxc4 Rxc4 23. bxc4 Kg7 {Og vipps var vi i sluttspillet.} 24. Be3
a6 25. Kd3 Kf6 26. c5 Ke6 27. Kc4 f5 28. f3 fxe4 29. fxe4 Be7 30. g3 {Og vi
tok remis. Egentlig litt for tidlig. Jeg kunne satt min motstander på prøve.
Planen er å låse bøndene på kongefløyen og gå på med b-bonden. Etter avbytte
på b5, må svart spille forsiktig. Det er remis, men allikevel....} 1/2-1/2

[Event "Østlandsserien 2015/2016, 3. div. A"]
[Site "Oslo NOR"]
[Date "2015.12.06"]
[Round "2"]
[White "Vikhamar-Sandberg, Oskar"]
[Black "Lea, Per"]
[Result "0-1"]
[WhiteElo "1426"]
[BlackElo "1564"]
[Annotator "Lea, Per"]
[PlyCount "66"]
[EventDate "2015.11.01"]
[Board "4"]
[WhiteTeam "Vålerenga 3"]
[BlackTeam "Follo 2"]

1. e4 e5 2. Nf3 Nc6 3. Bc4 Nf6 4. d3 Bc5 5. O-O h6 6. c3 Bb6 7. d4 Nxe4 8. Re1
d5 9. Bb5 O-O 10. Bxc6 bxc6 11. Nxe5 c5 12. Be3 cxd4 13. cxd4 f6 14. Ng6 Re8
15. Nc3 Be6 16. Rc1 Bf7 17. Nf4 Nxc3 18. Rxc3 Ba5 19. Ra3 Bxe1 20. Qg4 Bb4 21.
Rb3 Bf8 22. Ng6 Qc8 23. Qh5 Bxg6 (23... Qa6 24. a3 Qa4 25. Rd3 Qc2 26. Rd1 Qxg6
) 24. Qxg6 Qd8 25. h4 Kh8 26. Bd2 Bd6 27. g4 Qe7 28. g5 Qe2 29. gxf6 Bh2+ 30.
Kxh2 (30. Kg2) 30... Qxf2+ 31. Kh3 Qf1+ 32. Qg2 Qxg2+ 33. Kxg2 Re2+ 0-1

[Event "Østlandsserien 2015/2016, 4. div. A"]
[Site "Oslo NOR"]
[Date "2015.12.06"]
[Round "2"]
[White "Nygaard, Trond"]
[Black "Bakken, Svein-Erik"]
[Result "0-1"]
[WhiteElo "1106"]
[BlackElo "1346"]
[PlyCount "62"]
[EventDate "2015.11.01"]
[Board "2"]
[WhiteTeam "Groruddalen 3"]
[BlackTeam "Follo 3"]

1. e4 c5 2. Nf3 Nc6 3. d4 cxd4 4. Nxd4 a6 5. Nc3 e6 6. Be2 Qc7 7. O-O Nf6 8.
Bg5 Be7 9. Bh4 O-O 10. b3 b5 11. Bf3 Bb7 12. Re1 d6 13. Bg3 Rac8 14. Nxc6 Bxc6
15. e5 Bxf3 16. Qxf3 Qxc3 17. Qxc3 Rxc3 18. exf6 Bxf6 19. Rac1 d5 20. Be5 Bxe5
21. Rxe5 Rfc8 22. Re2 a5 23. Kf1 R8c5 24. Ke1 d4 25. Kd1 e5 26. f4 f6 27. Rd2
Kf7 28. f5 g6 29. g4 Rf3 30. Ke2 Rcc3 31. Rf1 Rce3+ 0-1

[Event "Østlandsserien 2015/2016, 4. div. B"]
[Site "Oslo NOR"]
[Date "2015.12.06"]
[Round "2"]
[White "Ruud, Kjetil"]
[Black "Fjellheim, Benjamin"]
[Result "0-1"]
[WhiteElo "1387"]
[BlackElo "1426"]
[PlyCount "83"]
[EventDate "2015.11.01"]
[Board "1"]
[WhiteTeam "Follo 4"]
[BlackTeam "Groruddalen 2"]

1. f4 d5 2. Nf3 g6 3. e3 Bg7 4. Be2 c5 5. O-O Nc6 6. d4 cxd4 7. exd4 Qb6 8. c3
Nf6 9. b3 Ne4 10. Bb2 O-O 11. Nbd2 f5 12. Kh1 Bd7 13. Bd3 Rac8 14. Ne5 Nxe5 15.
Bxe4 fxe4 16. fxe5 Bh6 17. Qe2 e6 18. Rxf8+ Rxf8 19. c4 Qb4 20. Rd1 Qe7 21.
cxd5 exd5 22. Nb1 Qf7 23. Nc3 Bg4 24. e6 Qxe6 25. Qe1 Bxd1 26. Qxd1 Qf5 27. g3
Qf3+ 28. Qxf3 exf3 29. Kg1 Be3+ 30. Kf1 Bxd4 31. Nd1 Bxb2 32. Nxb2 Re8 33. Nd3
Re2 34. Nf4 Rxh2 35. Nxd5 Rxa2 36. g4 Kf7 37. Nc3 Rb2 38. Ne4 Rxb3 39. Kf2 h6
40. Kg3 a5 41. Kf4 Rb4 42. Kg3 (42. Kxf3 Rxe4 43. Kxe4) 0-1

[Event "Østlandsserien 2015/2016, 4. div. B"]
[Site "Oslo NOR"]
[Date "2015.12.06"]
[Round "2"]
[White "Wright, Haakon"]
[Black "Simonsen, Steinar"]
[Result "0-1"]
[WhiteElo "1018"]
[BlackElo "1227"]
[PlyCount "78"]
[EventDate "2015.11.01"]
[Board "2"]
[WhiteTeam "Groruddalen 2"]
[BlackTeam "Follo 4"]

1. e4 e6 2. d4 d5 3. e5 c5 4. c3 Nc6 5. Nf3 cxd4 6. cxd4 Nge7 7. Bd3 Qb6 8. O-O
Ng6 9. Nc3 Be7 10. a3 Bd7 11. Na4 Qc7 12. Bd2 O-O 13. Rc1 f6 14. Bxg6 hxg6 15.
Bf4 Qd8 16. exf6 gxf6 17. Bh6 Rf7 18. Qd3 f5 19. Nc5 Rh7 20. Qe3 Bxc5 21. dxc5
d4 22. Qd2 e5 23. Bg5 Qe8 24. Rfe1 e4 25. Nxd4 Qe5 26. Nxc6 Qxh2+ 27. Kf1 Bxc6
28. a4 Bxa4 29. Qd5+ Rf7 30. f3 Qg3 31. Bd2 Bc6 32. Qb3 exf3 33. gxf3 Bxf3 34.
Qxf7+ Kxf7 35. Re2 Bxe2+ 36. Kxe2 Re8+ 37. Kd1 Qb3+ 38. Rc2 Qf3+ 39. Kc1 Qf1+
0-1

[Event "Østlandsserien 2015/2016, 3. div. B"]
[Site "Ås, Akershus NOR"]
[Date "2016.01.17"]
[Round "3"]
[White "Larsen, Thomas G"]
[Black "Moripen, Markus"]
[Result "1/2-1/2"]
[WhiteElo "1535"]
[BlackElo "1898"]
[PlyCount "75"]
[EventDate "2015.11.01"]
[Board "1"]
[WhiteTeam "Larvik 1"]
[BlackTeam "Follo 1"]

1. Nf3 g6 2. g3 Bg7 3. d4 c5 4. d5 d6 5. Bg2 Nf6 6. O-O O-O 7. Nc3 Bg4 8. h3
Bxf3 9. Bxf3 Qd7 10. Bg2 b5 11. e4 b4 12. Ne2 Na6 13. c4 bxc3 14. Nxc3 Rab8 15.
Rb1 Rb7 16. Qe2 Rb6 17. b3 Nc7 18. Bb2 Nb5 19. Nxb5 Qxb5 20. Qe3 Nd7 21. Bxg7
Kxg7 22. f4 Qa5 23. Rf2 Kg8 24. Rc1 Rb4 25. e5 Nb6 26. f5 dxe5 27. Qxe5 Rd4 28.
fxg6 hxg6 29. Qxe7 Nxd5 30. Qxc5 Rd1+ 31. Kh2 Qxc5 32. Rxc5 Nb6 33. Rc7 Rd7 34.
Rfc2 Rfd8 35. g4 Kg7 36. Rxd7 Rxd7 37. Kg3 Kf6 38. Re2 1/2-1/2

[Event "Østlandsserien 2015/2016, 3. div. B"]
[Site "Ås, Akershus NOR"]
[Date "2016.01.17"]
[Round "3"]
[White "Hoel, Jørgen"]
[Black "Skau, Karl Isak"]
[Result "1-0"]
[WhiteElo "1895"]
[BlackElo "1447"]
[PlyCount "93"]
[EventDate "2015.11.01"]
[Board "2"]
[WhiteTeam "Follo 1"]
[BlackTeam "Larvik 1"]

1. c4 c5 2. Nc3 Nc6 3. g3 Nf6 4. Bg2 e5 5. d3 Be7 6. Bg5 O-O 7. Bxf6 Bxf6 8.
Nf3 Ne7 9. Nd2 Bg5 10. Nde4 Bh6 11. Nxc5 Qb6 12. Nb3 d6 13. O-O Bg4 14. Qc2 f5
15. Nd2 f4 16. Nf3 Rac8 17. Qb3 fxg3 18. Qxb6 gxh2+ 19. Nxh2 axb6 20. Nxg4 Bg5
21. Ne4 Bh4 22. Nxd6 Rc7 23. Nxe5 h5 24. Nb5 Rc5 25. Nd7 Rcf5 26. Nxf8 Kxf8 27.
Nd4 Ra5 28. Bxb7 Rg5+ 29. Kh1 Rg6 30. Be4 Rh6 31. Nf5 Nxf5 32. Bxf5 Rf6 33. Be4
g5 34. Kg2 Kg7 35. a4 Kh6 36. a5 bxa5 37. Rxa5 g4 38. b4 Bg5 39. b5 Bf4 40. Ra6
Kg5 41. Rxf6 Kxf6 42. b6 h4 43. b7 h3+ 44. Kh1 Ke7 45. Bf5 g3 46. fxg3 Bxg3 47.
Bxh3 1-0

[Event "Østlandsserien 2015/2016, 3. div. B"]
[Site "Ås, Akershus NOR"]
[Date "2016.01.17"]
[Round "3"]
[White "Tøftum, Tom Andre"]
[Black "Barane, Simon"]
[Result "0-1"]
[WhiteElo "1366"]
[BlackElo "1817"]
[PlyCount "118"]
[EventDate "2015.11.01"]
[Board "3"]
[WhiteTeam "Larvik 1"]
[BlackTeam "Follo 1"]

1. d4 Nf6 2. Nf3 d5 3. Bg5 e6 4. Nbd2 c5 5. c3 Nc6 6. e3 Qb6 7. Qb3 Nd7 8. Be2
Bd6 9. O-O Qc7 10. c4 cxd4 11. cxd5 Na5 12. Qb5 a6 13. Qd3 f6 14. Bh4 Nc5 15.
Qc2 exd5 16. b4 d3 17. Bxd3 Nxd3 18. Qxd3 Bxb4 19. Qxd5 Qc6 20. Qe4+ Qxe4 21.
Nxe4 Bf5 22. Ng3 Bg6 23. Ne2 Nc6 24. Ned4 Nxd4 25. Nxd4 Bc3 26. Rac1 Bxd4 27.
exd4 Kd7 28. Bg3 Rac8 29. Bf4 Rhe8 30. Be3 Bf7 31. a3 Bc4 32. Rfe1 Re6 33. Bd2
Rb6 34. Bb4 Re6 35. Rxe6 Kxe6 36. Bc5 Kd5 37. f3 Rc6 38. Kf2 b6 39. Bf8 g5 40.
Bb4 Kxd4 41. h3 h5 42. Bd2 Re6 43. Re1 Rxe1 44. Bxe1 a5 45. g3 f5 46. g4 hxg4
47. hxg4 f4 48. Bd2 Kd3 49. Be1 Kc2 50. Kg1 Kb3 51. Kf2 Kxa3 52. Bc3 Kb3 53.
Bf6 a4 54. Bxg5 a3 55. Bxf4 Kc2 56. Be5 b5 57. g5 b4 58. f4 b3 59. f5 b2 0-1

[Event "Østlandsserien 2015/2016, 3. div. B"]
[Site "Ås, Akershus NOR"]
[Date "2016.01.17"]
[Round "3"]
[White "Støle, Andreas"]
[Black "Eriksen, Petter O."]
[Result "1-0"]
[WhiteElo "1569"]
[BlackElo "1270"]
[PlyCount "45"]
[EventDate "2015.11.01"]
[Board "4"]
[WhiteTeam "Follo 1"]
[BlackTeam "Larvik 1"]

1. e4 d6 2. d4 Nf6 3. Nc3 g6 4. Nf3 Bg7 5. Bg5 O-O 6. Qd2 c6 7. Bh6 Nbd7 8.
Bxg7 Kxg7 9. Be2 e5 10. O-O-O c5 11. dxe5 dxe5 12. Nxe5 a6 13. g4 Qc7 14. Nxd7
Qxd7 15. Qf4 Qe7 16. g5 Ne8 17. Nd5 Qd6 18. e5 Qe6 19. h4 Qf5 20. Qe3 b5 21. h5
Bb7 22. Rh4 Rd8 23. Bg4 1-0

[Event "Østlandsserien 2015/2016, 3. div. A"]
[Site "Ås, Akershus NOR"]
[Date "2016.01.17"]
[Round "3.1"]
[White "Larsen, Bjørn"]
[Black "Andersen, Odd"]
[Result "0-1"]
[WhiteElo "1547"]
[BlackElo "1611"]
[PlyCount "70"]
[EventDate "2015.11.01"]
[WhiteTeam "Fredriksstad 2"]
[BlackTeam "Follo 2"]

1. e4 d5 2. exd5 Nf6 3. d4 Nxd5 4. c4 Nf6 5. Nf3 c6 6. h3 Bf5 7. Nc3 e6 8. Bg5
Be7 9. Be2 h6 10. Bf4 Bd6 11. Ne5 Qc7 12. Bg3 Nbd7 13. f4 Ne4 14. Nxe4 Bxe4 15.
O-O c5 16. Kh1 cxd4 17. Qxd4 Nf6 18. Ng4 Nh5 19. Bh2 Qc6 20. Bf3 Bxf3 21. Rxf3
O-O 22. Raf1 Rfd8 23. Qf2 f5 24. Ne5 Qc7 25. b3 Nxf4 26. Bxf4 Bxe5 27. Bxe5
Qxe5 28. Re1 Qf6 29. Rfe3 Rd6 30. c5 Rc6 31. b4 Re8 32. Re5 Re7 33. b5 Rc8 34.
a4 Kf7 35. Rd1 Qxe5 0-1